01337cam a2200265 a 45000010005000000030006000050050017000110080041000280100017000690200017000860200018001030400036001210500017001570820012001741000026001862450035002122600031002473000025002785200539003036550025008429060045008679420015009129990015009279520129009424430FISKH20240905153634.0881215s1989 nyu 000 1 eng  a 88040628  a067082982X : a9783453048805 aDLCcDLCdDLCdOCoLCdDLCbGer  aPS3561.I483  a813.54 1 aKing, Stephen,d1947-14aThe dark half /cStephen King. aNew York :bViking,c1989. a472 pages : c19 cm  aThad Beaumont would like to say he is innocent. He'd like to say he has nothing to do with the series of monstrous murders that keep coming closer to his home. He'd like to say he has nothing to do with the twisted imagination that produced his bestselling novels. He'd like to say he has nothing to do with the voice on the phone uttering its obscene threats and demanding total surrender. But how can Thad disown the ultimate embodiment of evil that goes by the name he gave it and signs its crimes with Thad's bloody fingerprints? 7aHorror tales.2gsafd a7bcbccorignewd1eocipf19gy-gencatlg 2ddccBKn0 c4430d4430 00102ddc40708FICa001b001cATKSFd2024-09-05l0oKIN 813.54 PS3561.I483p2024-1891r2024-09-05 15:36:15w2024-09-05yBK